000 00304nam a2200133Ia 4500
008 191201s2012 xx 000 0 und d
100 _aROBBINS,Stephen P
245 0 _aOrganizational Behavior
250 _aIMP
260 _c2012
_bpearson
_aN. delhi
300 _a623
650 _aMBA
942 _2ddc
_cBB
999 _c7539
_d7539